000 00638nam a22002057a 4500
999 _c57471
_d57471
005 20221105214658.0
008 200625s2017 enk||||| |||| 00| 0 eng d
020 _a9780323287821 1
041 _aeng
080 _a616.8 W-72
100 _aWinn, H. R.
_98766
245 _aYoumans and Winn Neurological Surgery :
_bVolume 3 /
_cRichard Winn.
250 _aseventh edition
264 _aPhiladelphia :
_bElsevier,
_c2017.
300 _a2742 p.
_b30 cm.
653 _aმედიცინა
653 _aნეიროლოგია
653 _a ნევროლოგიური ქირურგია
942 _2udc
_cBK